LEADER 00935nam0 22002651i 450 001 UON00235421 005 20231205103522.860 100 $a20030730d1967 |0itac50 ba 101 $ahbs 102 $aYU 105 $a|||| ||||| 200 1 $aLegende$fMiroslav Krleza 210 $aZagreb$cZora$d1967 215 $a327 p.$d20 cm. 410 1$1001UON00176914$12001 $aSabrana djela Miroslava Krleze$1210 $aZagreb$cZora$v9 620 $aHR$dZagreb$3UONL001976 676 $a891.82$cLetteratura serbo-croata$v21 700 1$aKRLE?A$bMiroslav$3UONV126209$0465374 712 $aZora$3UONV269284$4650 801 $aIT$bSOL$c20250620$gRICA 899 $aSIBA - SISTEMA BIBLIOTECARIO DI ATENEO$2UONSI 912 $aUON00235421 950 $aSIBA - SISTEMA BIBLIOTECARIO DI ATENEO$dSI CROATO A 0191/BIS $eSI SL 252 5 0191/BIS 996 $aLegende$91231882 997 $aUNIOR LEADER 03132nam 2200409z- 450 001 9910404236803321 005 20210211 010 $a989-26-0710-4 035 $a(CKB)4100000011302590 035 $a(oapen)https://directory.doabooks.org/handle/20.500.12854/41386 035 $a(oapen)doab41386 035 $a(EXLCZ)994100000011302590 100 $a20202102d2014 |y 0 101 0 $apor 135 $aurmn|---annan 181 $ctxt$2rdacontent 182 $cc$2rdamedia 183 $acr$2rdacarrier 200 00$aAs colec?o?es de escultura em madeira do Museu Gra?o Vasco e do Museu Nacional de Arte Antiga: um contributo da cie?ncia para a arte 210 $cCoimbra University Press$d2014 215 $a1 online resource (87 p.) 225 1 $aTheke 311 08$a989-26-0530-6 327 $aPequena nota sobre a histo?ria deste projeto / Cristina Nabais e Dalila Rodrigues -- Arte e cie?ncia : uma perspetiva este?tica, histo?rica e filoso?fica / Cristina Nabais -- Anatomia da madeira : a chave para a identificac?a?o / Cristina Nabais -- Identific?a?o das madeira : implicac?o?es no inventa?rio museolo?gico e na conservac?a?o e restauro / Elis Marc?al e Anto?nio Gouveia -- As madeiras da colec?a?o de escultura do Museu Nacional de Arte Antiga e do Museu Gra?o Vasco : um estudio comparativo / Cristina Nabais e Anto?nio Gouveia -- As esculturas em madeira da colec?a?o do Museu Nacional de Arte Antiga : notas sobre os resultados da indentific?a?o anatomica / Maria Joa?o Vilhena de Carvalho -- Listagem das esculturas idenficadas no MNAA -- Listagem das esculturas identificadas no MGV. 330 $aNo a?mbito do projectode investigac?a?o financiado pela Fundac?a?o para a Cie?ncia eTecnologia sobre o "Estudo das madeiras da colecc?a?o do MuseuNacional de Arte Antiga e Museu Gra?o Vasco - implicac?o?es na conservac?a?o erestauro", o objectivo central foiidentificar as madeiras da colecc?a?o de escultura dos referidos museus, cujosresultados agora se publicam. Aintervenc?a?o de especialistas de va?rias a?reas cienti?ficas contribuiu para amultiplicidade das concluso?es que podem tirar-se e para o significativo avanc?ono conhecimento da Colecc?a?o. Isso salienta-se na?o so? ao ni?vel da identificac?a?ote?cnica e comportamento este?tico dos materiais, mas tambe?m no que diz respeito 517 $aAs coleções de escultura em madeira do Museu Grão Vasco e do Museu Nacional de Arte Antiga 517 $aAs coleções de escultura em madeira do Museu Grão Vasco e do Museu Nacional de Arte Antiga 606 $aWood sculpture$xConservation and restoration$zPortugal 606 $aChristian art and symbolism$zPortugal$yModern period, 1500- 615 0$aWood sculpture$xConservation and restoration 615 0$aChristian art and symbolism 701 $aNabais$b Cristina$01244452 701 $aRodrigues$b Dalila$01371797 906 $aBOOK 912 $a9910404236803321 996 $aAs colec?o?es de escultura em madeira do Museu Gra?o Vasco e do Museu Nacional de Arte Antiga$93401428 997 $aUNINA